| 000 | 00412nam a22001337a 4500 | ||
|---|---|---|---|
| 020 | _qHB. | ||
| 040 | _cFIZZA ISHAQ | ||
| 082 |
_a340.092 _bWHI |
||
| 100 |
_aWhitehead , John W. _9133902 |
||
| 245 |
_aSlaying Dragons: The Truth Behind the Man Who Defended Paula Jones / _c John W. Whitehead. |
||
| 260 |
_aNew York: _bThomas Nelson Inc, _c1999. |
||
| 300 |
_a338 P. ; _c6 x 1.25 x 8.75 inches |
||
| 942 |
_2ddc _cBK |
||
| 999 |
_c616860 _d616860 |
||